[Event "Maastricht Limburg op-B 9th"]
[Site "Maastricht"]
[Date "2015.05.24"]
[Round "4"]
[White "Loose, Rob"]
[Black "Nguyen, Sang"]
[Result "1-0"]
[WhiteElo "1908"]
[BlackElo "1803"]
[PlyCount "67"]
[EventDate "2015.05.22"]
[EventType "swiss"]
[EventRounds "7"]
[EventCountry "NED"]
[SourceTitle "EXT 2016"]
[Source "ChessBase"]
[SourceDate "2015.10.08"]
[SourceVersion "1"]
[SourceVersionDate "2015.10.08"]
[SourceQuality "1"]

1. e4 d5 2. exd5 Qxd5 3. Nc3 Qd8 4. d4 Nf6 5. Bf4 c6 6. Qd2 Bf5 7. Nf3 e6 8. a3 Bd6 9. 0-0-0 b5 10. d5 exd5 11. Nd4 Be6 12. Bd3 0-0 13. f3 a5 14. Bg3 b4 15. Nb1 bxa3 16. Nxa3 Bb4 17. c3 Bxa3 18. bxa3 Qd7 19. Bh4 Ne8 20. g4 Nc7 21. Nf5 f6 22. Rhe1 Nba6 23. Bg3 Nc5 24. Bc2 a4 25. Nd4 Bf7 26. Qf4 N7a6 27. Qd6 Rfc8 28. Qxd7 Nxd7 29. Nf5 Kh8 30. Re7 Be8 31. Nxg7 Ndc5 32. Rde1 Bg6 33. Nf5 Nb3+ 34. Kd1 1-0

[Event "Maastricht Limburg op-B 8th"]
[Site "Maastricht"]
[Date "2014.06.08"]
[Round "5"]
[White "Coenen, Siegfried"]
[Black "Loose, Rob"]
[Result "1-0"]
[WhiteElo "1992"]
[BlackElo "1909"]
[PlyCount "51"]
[EventDate "2014.06.06"]
[EventType "swiss"]
[EventRounds "7"]
[EventCountry "NED"]
[SourceTitle "EXT 2015"]
[Source "ChessBase"]
[SourceDate "2014.11.20"]
[SourceVersion "1"]
[SourceVersionDate "2014.11.20"]
[SourceQuality "1"]

1. e4 e5 2. Nc3 Nf6 3. f4 d5 4. fxe5 Nxe4 5. Nf3 Be7 6. d3 Nc5 7. Be2 0-0 8. 0-0 Ne6 9. Qe1 c5 10. Qg3 Nc6 11. Kh1 f6 12. exf6 Bxf6 13. Bd2 Ne7 14. Rae1 g6 15. Ne5 Bg7 16. Rxf8+ Nxf8 17. Bg5 Be6 18. Bg4 Bxg4 19. Nxg4 Nf5 20. Qf4 Qa5 21. Bf6 d4 22. Bxg7 Kxg7 23. Qe5+ Kg8 24. Nd5 Nd7 25. Ne7+ Nxe7 26. Nh6+ 1-0

[Event "Maastricht Limburg op-B 7th"]
[Site "Maastricht"]
[Date "2013.05.20"]
[Round "7"]
[White "Loose, Rob"]
[Black "Kuciapa, Andre"]
[Result "1-0"]
[WhiteElo "1920"]
[BlackElo "1802"]
[PlyCount "80"]
[EventDate "2013.05.17"]
[EventType "swiss"]
[EventRounds "7"]
[EventCountry "NED"]
[SourceTitle "EXT 2014"]
[Source "ChessBase"]
[SourceDate "2013.11.20"]
[SourceVersion "1"]
[SourceVersionDate "2013.11.20"]
[SourceQuality "1"]

1. e4 c6 2. d4 d5 3. e5 Bf5 4. Nf3 e6 5. Be2 c5 6. Be3 Nd7 7. 0-0 Qc7 8. c3 Be7 9. Na3 a6 10. Rc1 c4 11. Nc2 f6 12. Qd2 fxe5 13. dxe5 Bxc2 14. Rxc2 Bc5 15. Bd4 h6 16. Nh4 Nf8 17. Bh5+ Kd7 18. b3 b5 19. bxc4 bxc4 20. Rb2 Bxd4 21. Qxd4 g6 22. Bg4 Ke8 23. Rfb1 Ne7 24. g3 h5 25. Bd1 Kf7 26. Rb7 Qd8 27. Qb6 Qxb6 28. R1xb6 Rh7 29. Nf3 Kg8 30. Ng5 Rg7 31. Nxe6 Nxe6 32. Rxe6 Nf5 33. Rxg7+ Kxg7 34. Bc2 d4 35. cxd4 Nxd4 36. Rxg6+ Kf7 37. Rf6+ Ke7 38. Be4 Rc8 39. Rd6 Ne6 40. Kf1 Nc5 1-0

[Event "Maastricht Limburg op-B 6th"]
[Site "Maastricht"]
[Date "2012.05.28"]
[Round "7"]
[White "Turrini, Paolo"]
[Black "Loose, Rob"]
[Result "1/2-1/2"]
[WhiteElo "1793"]
[BlackElo "1970"]
[PlyCount "63"]
[EventDate "2012.05.25"]
[EventType "swiss"]
[EventRounds "7"]
[EventCountry "NED"]
[SourceTitle "EXT 2013"]
[Source "ChessBase"]
[SourceDate "2012.11.22"]
[SourceVersion "1"]
[SourceVersionDate "2012.11.22"]
[SourceQuality "1"]

1. c4 e5 2. g3 Nf6 3. Bg2 d5 4. cxd5 Nxd5 5. Nc3 Nb6 6. Nf3 Nc6 7. 0-0 Be7 8. a3 0-0 9. b4 Be6 10. Rb1 f6 11. d3 Nd4 12. Nxd4 exd4 13. Ne4 Ba2 14. Rb2 Bd5 15. Qc2 Kh8 16. Bf4 Rc8 17. Bh3 f5 18. Nc5 Qe8 19. e4 dxe3 20. Bxe3 Qh5 21. Bg2 Bf6 22. Rbb1 Bxg2 23. Kxg2 Nd5 24. Nd7 Rfe8 25. Nxf6 gxf6 26. Qd1 Qg6 27. Qf3 c6 28. b5 Rg8 29. bxc6 bxc6 30. Rb7 a6 31. Rfb1 f4 32. Bxf4 1/2-1/2

[Event "Maastricht Limburg op-B 5th"]
[Site "Maastricht"]
[Date "2011.06.13"]
[Round "6"]
[White "Loose, Rob"]
[Black "Maassen van den Brink, Koen"]
[Result "0-1"]
[WhiteElo "1981"]
[BlackElo "1982"]
[PlyCount "48"]
[EventDate "2011.06.10"]
[EventType "swiss"]
[EventRounds "7"]
[EventCountry "NED"]
[SourceTitle "EXT 2012"]
[Source "ChessBase"]
[SourceDate "2011.11.24"]
[SourceVersion "1"]
[SourceVersionDate "2011.11.24"]
[SourceQuality "1"]

1. e4 e5 2. f4 Nc6 3. Nf3 f5 4. Nc3 Nf6 5. fxe5 Nxe4 6. Bc4 Bc5 7. d4 Nxd4 8. Nxe4 Nxf3+ 9. Qxf3 Qh4+ 10. Qg3 Qxe4+ 11. Be2 0-0 12. Kd1 f4 13. Qe1 Qxg2 14. Rf1 Qd5+ 15. Bd2 d6 16. exd6 Bh3 17. Rf3 Bg4 18. Rd3 Bxe2+ 19. Qxe2 Qh1+ 20. Be1 Rae8 21. Qd2 Bxd6 22. c3 f3 23. Re3 Rxe3 24. Qxe3 f2 0-1

[Event "Maastricht Limburg op-B 5th"]
[Site "Maastricht"]
[Date "2011.06.12"]
[Round "5"]
[White "Loose, Rob"]
[Black "Gerlagh, Joris"]
[Result "1-0"]
[WhiteElo "1981"]
[BlackElo "1776"]
[PlyCount "69"]
[EventDate "2011.06.10"]
[EventType "swiss"]
[EventRounds "7"]
[EventCountry "NED"]
[SourceTitle "EXT 2012"]
[Source "ChessBase"]
[SourceDate "2011.11.24"]
[SourceVersion "1"]
[SourceVersionDate "2011.11.24"]
[SourceQuality "1"]

1. e4 c5 2. Nf3 Nc6 3. d4 cxd4 4. Nxd4 Nf6 5. Nc3 e6 6. Be3 Bb4 7. Bd3 0-0 8. 0-0 d5 9. Nxc6 bxc6 10. e5 Nd7 11. f4 c5 12. Bf2 c4 13. Be2 Bc5 14. Kh1 Bxf2 15. Rxf2 f6 16. exf6 Nxf6 17. Rf1 Bb7 18. Bf3 Rb8 19. Qd4 Qb6 20. Qxb6 axb6 21. Nb5 Rbc8 22. c3 Ba6 23. Nd4 Rfe8 24. Rae1 Kf7 25. Rf2 Rc7 26. Rfe2 Rce7 27. g3 g6 28. Kg1 Bc8 29. a3 Bd7 30. Bg2 h6 31. Nf3 Kf8 32. Ne5 Kg7 33. Nxd7 Rxd7 34. Rxe6 Kf7 35. Rxf6+ 1-0